[Event "Match"]
[Site "www.echecsemail.com"]
[Date "2014.12.18"]
[Round "1"]
[White "Paco"]
[Black "Juodivarnai"]
[WhiteElo "1990"]
[BlackElo "2050"]
[Result "0-1"]
[Round "1"]
1.e4 c5
2.Bf1c4 e6
3.Ng1f3 Nb8c6
4.d3 d5
5.exd5 exd5
6.Bc4b5 Qd8a5
7.Nb1c3 d4
8.Bb5xc6 bxc6
9.O-O dxc3
10.Qd1e1 Bc8e6
11.bxc3 Ng8f6
12.Bc1d2 Qa5c7
13.Ra1b1 Bf8e7
14.c4 O-O
15.d4 Be6xc4
16.Nf3e5 Bc4xf1
17.Qe1xf1 cxd4
18.Qf1e2 Be7d6
19.f4 Rf8e8
20.Qe2c4 c5
21.Rb1e1 Bd6xe5
22.fxe5 Re8xe5
23.Re1f1 Ra8e8
24.c3 Re5e2
25.Bd2g5 Qc7c6
26.Rf1f2 Re2xf2
27.Kxf2 Nf6e4
28.Kf1 Ne4xg5
 { time }
0-1

[Event "Match"]
[Site "www.echecsemail.com"]
[Date "2014.12.18"]
[Round "1"]
[White "Joseph1983"]
[Black "Tonino1"]
[WhiteElo "2190"]
[BlackElo "1980"]
[Result "1/2-1/2"]
[Round "1"]
1.e4 c5
2.Ng1f3 Nb8c6
3.d4 cxd4
4.Nf3xd4 g6
5.c4 Bf8g7
6.Bc1e3 Ng8f6
7.Nb1c3 O-O
8.Bf1e2 d6
9.Qd1d2 Rf8e8
10.O-O Nf6g4
11.Be2xg4 Bc8xg4
12.h3 Nc6xd4
13.Be3xd4 Bg7xd4
14.Qd2xd4 Bg4d7
15.f4 b6
16.f5 Qd8c7
17.fxg6 hxg6
18.Nc3d5 Qc7c6
19.b3 Ra8c8
20.Kh1 Qc6c5
21.Qd4d2 Bd7e6
22.Qd2h6 Qc5d4
23.Ra1e1 Be6xd5
24.exd5 Qd4g7
25.Qh6xg7 { draw }
1/2-1/2

[Event "Match"]
[Site "www.echecsemail.com"]
[Date "2014.12.18"]
[Round "1"]
[White "Ditto"]
[Black "Generalfree"]
[WhiteElo "1750"]
[BlackElo "1820"]
[Result "0-1"]
[Round "1"]
1.d4 d6
2.c4 c5
3.Ng1f3 f6
4.Bc1f4 g5
5.Bf4c1 h5
6.e3 g4
7.Nf3g1 cxd4
8.Qd1xd4 e5
 { time }
0-1

[Event "Match"]
[Site "www.echecsemail.com"]
[Date "2014.12.18"]
[Round "1"]
[White "Kozakliuty"]
[Black "Robwally"]
[WhiteElo "1460"]
[BlackElo "1769"]
[Result "0-1"]
[Round "1"]
1.h3 e5
2.e4 Ng8f6
3.Nb1c3 Nb8c6
4.Ng1f3 Bf8c5
5.Bf1c4 h6
6.d3 O-O
7.O-O d6
8.Nc3d5 Nf6xd5
9.Bc4xd5 Nc6d4
10.Nf3xd4 Bc5xd4
11.c3 Bd4b6
12.Bc1e3 c6
13.f4 { time. }
0-1

[Event "Match"]
[Site "www.echecsemail.com"]
[Date "2014.12.18"]
[Round "1"]
[White "Jpmartinez"]
[Black "Veerar"]
[WhiteElo "2560"]
[BlackElo "2530"]
[Result "0-1"]
[Round "1"]
1.d4 d5
2.c4 c6
3.Ng1f3 Ng8f6
4.Nb1d2 e6
5.g3 Nb8d7
6.Bf1g2 Bf8d6
7.O-O O-O
8.Qd1c2 Rf8e8
9.b3 e5
10.cxd5 cxd5
11.dxe5 Nd7xe5
12.Bc1b2 Ne5c6
13.e3 Bc8g4
14.Ra1c1 Bg4h5
15.Qc2b1 Bh5g6
16.Qb1a1 Nc6b4
17.Nf3e1 a5
18.a3 Bd6e7
19.Nd2f3 Nb4c6
20.Ne1c2 Bg6e4
21.Nc2d4 Qd8b6
22.Nf3d2 Be4d3
23.Rf1d1 Nc6e5
24.Nd2f3 Ne5xf3
25.Bg2xf3 Bd3g6
26.a4 Ra8c8
27.Rc1xc8 Re8xc8
28.Rd1c1 Rc8c5
29.Rc1xc5 Be7xc5
30.Kg2 Bg6e4
31.Bf3xe4 dxe4
32.Nd4e2 Qb6a6
33.Ne2f4 Bc5e7
34.Qa1c1 Qa6c6
35.Qc1xc6 bxc6
36.Nf4e2 c5
37.Ne2c3 Kf8
38.Nc3b1 Nf6d5
39.Nb1d2 f5
40.Nd2c4 Be7d8
41.Bb2e5 Nd5b4
42.Be5d6 Kf7
43.Bd6xc5 Nb4c6
44.Kf1 Ke6
45.Ke2 Bd8f6
46.Kd2 Kd5
47.Bc5b6 Bf6e7
48.Bb6c7 Be7b4
49.Ke2 g5
50.h3 g4
51.hxg4 { time. }
0-1

[Event "1/4 Finale"]
[Site "www.chess-mail.com"]
[Date "2014.12.18"]
[Round "1"]
[White "Stepanpech"]
[Black "Pgcbies"]
[WhiteElo "2670"]
[BlackElo "2740"]
[Result "0-1"]
[Round "1"]
1.e4 e5
2.Ng1f3 Nb8c6
3.Bf1b5 a6
4.Bb5a4 Ng8f6
5.O-O b5
6.Ba4b3 Bf8e7
7.Rf1e1 O-O
8.c3 d5
9.exd5 Nf6xd5
10.Nf3xe5 Nc6xe5
11.Re1xe5 c6
12.d4 Be7d6
13.Re5e1 Qd8h4
14.g3 Qh4h3
15.Bc1e3 Bc8g4
16.Qd1d3 Ra8e8
17.Nb1d2 Re8e6
18.a4 f5
19.Qd3f1 Qh3h5
20.f4 bxa4
21.Ra1xa4 Rf8e8
22.Qf1f2 g5
 { time }
0-1

[Event "Tourn. n7657"]
[Site "www.chess-mail.com"]
[Date "2014.12.19"]
[Round "1"]
[White "Numanoid"]
[Black "Kibitz"]
[WhiteElo "2450"]
[BlackElo "2499"]
[Result "1-0"]
[Round "1"]
1.e4 c5
2.d4 cxd4
3.c3 dxc3
4.Nb1xc3 Nb8c6
5.Ng1f3 e6
6.Bf1c4 a6
7.O-O Ng8e7
8.Bc1g5 h6
9.Bg5e3 b5
10.Bc4b3 Bc8b7
11.Rf1e1 Ra8c8
12.Ra1c1 d6
13.a4 b4
14.Nc3a2 Nc6a5
15.Rc1xc8 Qd8xc8
16.Na2xb4 Na5xb3
17.Qd1xb3 Bb7xe4
18.a5 Qc8b7
19.Be3b6 Be4d5
20.Qb3d3 Bd5xf3
21.gxf3 Ne7c6
22.Nb4xa6 Bf8e7
23.Na6c7 Kd7
24.Nc7a6 d5
25.Re1c1 Rh8c8
26.Qd3b5 g5
27.Na6c5 Be7xc5
28.Rc1xc5 Rc8b8
29.b4 Rb8c8
30.a6 Qb7b8
31.Rc5c2 h5
32.a7 Qb8b7
33.Rc2a2 Rc8a8
34.Ra2a6 f6
35.Qb5a4 h4
36.h3  { time }
1-0

[Event "Tourn. n7910"]
[Site "www.chess-mail.com"]
[Date "2014.12.19"]
[Round "1"]
[White "Norlavuaram"]
[Black "Luban"]
[WhiteElo "2180"]
[BlackElo "2160"]
[Result "1/2-1/2"]
[Round "1"]
1.e4 c5
2.Ng1f3 d6
3.Bf1b5 Bc8d7
4.Bb5xd7 Qd8xd7
5.c4 e6
6.O-O Nb8c6
7.Nb1c3 a6
8.d4 cxd4
9.Nf3xd4 Ng8f6
10.Bc1e3 Bf8e7
11.f3 O-O
12.Ra1c1 h6
13.b3 Ra8c8
14.Kh1 Rf8e8
15.Qd1d2 Kh7
16.Rf1d1 Nc6xd4
17.Qd2xd4 Qd7c6
18.Qd4b6 Be7d8
19.Qb6xc6 Rc8xc6
20.Be3f4 Bd8c7
21.Nc3e2 e5
22.Bf4e3 Bc7b8
23.Ne2c3 Rc6c8
24.Nc3d5 Nf6xd5
25.Rd1xd5 Rc8c6
26.Rc1d1 Re8e6
27.Kg1 Bb8c7
28.Rd1c1 Bc7b6
29.Kf2 Bb6xe3
30.Kxe3 b5
31.c5 dxc5
32.Rc1xc5 Rc6xc5
33.Rd5xc5 f6
34.a4 bxa4
35.bxa4 Re6b6
36.Kd3 Rb6b2
37.Rc5c2 Rb2b4
38.Rc2c4 Rb4b2
39.Rc4c2 Rb2b4
40.Rc2c4 Rb4b2
{ draw }
1/2-1/2

[Event "Tourn. n7859"]
[Site "www.chess-mail.com"]
[Date "2014.12.19"]
[Round "1"]
[White "Hundegana"]
[Black "Morse"]
[WhiteElo "2040"]
[BlackElo "2200"]
[Result "0-1"]
[Round "1"]
1.e4 d6
2.d4 Ng8f6
3.Nb1c3 g6
4.d5 Bf8g7
5.h3 Nb8d7
6.Bc1e3 c6
7.Ng1f3 Qd8a5
8.a3 Nf6xe4
9.Be3d4 Nd7f6
10.b4 Ne4xc3
11.Bd4xc3 Qa5xd5
12.Qd1xd5 cxd5
13.Bf1d3 O-O
14.O-O Bc8d7
15.Ra1e1 e6
16.Bc3b2 Rf8c8
17.Re1e2 e5
18.Nf3xe5 dxe5
19.Bb2xe5 a6
20.f3 Nf6h5
21.Be5h2 Bg7b2
22.Re2e7 Bd7c6
23.a4 Bb2f6
24.Re7e2 Bc6xa4
25.g4 Nh5g7
26.Kg2 Ng7e6
27.f4 Ne6d4
28.Re2d2 Nd4xc2
29.Bd3xc2 Ba4xc2
30.Bh2g3 Bc2e4
31.Kh2 Bf6c3
32.Rd2a2 Bc3xb4
33.Ra2b2 a5
34.Bg3e1 Rc8c1
35.Be1xb4 Rc1xf1
36.Bb4d6 a4
37.Rb2xb7 a3
38.Bd6e5 a2
39.f5 a1Q
40.Be5xa1 Rf1xa1
41.fxg6 Ra8a3
42.gxf7 Kf8
43.g5 Ra1h1
{ resign }
0-1

[Event "Tourn. n7906"]
[Site "www.chess-mail.com"]
[Date "2014.12.19"]
[Round "1"]
[White "Luban"]
[Black "Apdash"]
[WhiteElo "2180"]
[BlackElo "2130"]
[Result "1/2-1/2"]
[Round "1"]
1.d4 d5
2.Ng1f3 Ng8f6
3.e3 c6
4.h3 Nb8d7
5.c4 e6
6.a3 dxc4
7.Bf1xc4 b5
8.Bc4d3 Bc8b7
9.O-O Bf8d6
10.e4 e5
11.Bc1g5 exd4
12.Nf3xd4 Qd8b6
13.Nd4f5 Bd6f8
14.Nb1c3 g6
15.Bg5e3 Bf8c5
16.Nf5d6 Ke7
17.Be3xc5 Nd7xc5
18.e5 Nf6h5
19.Bd3c2 Nc5d7
20.Nd6xb7 Qb6xb7
21.Qd1d6 Ke8
22.Ra1d1 Ra8d8
23.Bc2e4 Qb7b8
24.Be4xc6 Qb8xd6
25.Rd1xd6 Ke7
26.Rd6xd7 Rd8xd7
27.Bc6xd7 Kxd7
28.Nc3xb5 Rh8b8
29.Rf1d1 Ke7
30.a4 a6
31.Nb5c3 Rb8xb2
32.g3 Rb2c2
33.Rd1d3 Nh5g7
34.f4 Ng7e6
35.Nc3d5 Kf8
{ draw }
1/2-1/2

[Event "Tourn. n7855"]
[Site "www.chess-mail.com"]
[Date "2014.12.19"]
[Round "1"]
[White "Louis"]
[Black "Pablincho"]
[WhiteElo "1910"]
[BlackElo "1890"]
[Result "1-0"]
[Round "1"]
1.Ng1f3 e6
2.c4 c6
3.g3 d5
4.Bf1g2 Ng8f6
5.b3 Bf8d6
6.Bc1b2 Nb8d7
7.d4 O-O
8.O-O Rf8e8
9.Nb1c3 b6
10.Qd1c2 e5
11.cxd5 exd4
12.Nf3xd4 Nd7e5
13.dxc6 Bc8b7
14.cxb7 Ra8b8
15.Nc3b5 Bd6c5
16.Rf1d1 Bc5xd4
17.Rd1xd4 Qd8e7
18.Bb2a3 Qe7e6
19.Nb5c7 { resign }
1-0

[Event "Tourn. n7895"]
[Site "www.chess-mail.com"]
[Date "2014.12.19"]
[Round "1"]
[White "Norlavuaram"]
[Black "Liencam2"]
[WhiteElo "2130"]
[BlackElo "2260"]
[Result "1-0"]
[Round "1"]
1.Ng1f3 d5
2.g3 c5
3.Bf1g2 f6
4.O-O e5
5.c4 d4
6.d3 Bf8d6
7.Nb1d2 Ng8e7
8.Ra1b1 Nb8c6
9.Nd2e4 Bc8e6
10.a3 O-O
11.Ne4xd6 Qd8xd6
12.Bc1d2 f5
13.b4 b6
14.Nf3g5 Be6d7
15.b5 e4
16.dxe4 Nc6e5
17.exf5 Ra8d8
18.Ng5e4 Qd6c7
19.f6 gxf6
20.Qd1c2 Bd7f5
21.Bd2f4 Ne7g6
22.Bf4h6 Rf8e8
23.Ne4xf6 Kh8
24.Qc2xf5 Re8f8
25.Bh6xf8 Rd8xf8
26.Qf5g5 Qc7d6
27.Nf6d5 d3
28.exd3 Ne5xd3
29.Rb1d1 Ng6e5
30.f4 { resign }
1-0

[Event "Tourn. n7895"]
[Site "www.chess-mail.com"]
[Date "2014.12.19"]
[Round "1"]
[White "Liencam2"]
[Black "Krasin"]
[WhiteElo "2260"]
[BlackElo "2230"]
[Result "0-1"]
[Round "1"]
1.e4 c5
2.Nb1c3 Nb8c6
3.Ng1f3 g6
4.d4 cxd4
5.Nf3xd4 Bf8g7
6.Nd4b3 Ng8f6
7.g4 d6
8.g5 Nf6d7
9.h4 O-O
10.Bc1d2 a5
11.Bf1b5 e6
12.h5 d5
13.Qd1g4 f5
14.gxf6 Nd7xf6
15.Qg4g2 Nf6xh5
16.Rh1xh5 gxh5
17.O-O-O Kh8
18.exd5 exd5
19.Bd2g5 Qd8d6
20.Rd1xd5 Qd6g6
21.Bb5d3 Bc8f5
22.Qg2g3 Bf5xd3
23.Rd5xd3 Nc6b4
24.Rd3d2 Ra8e8
25.a3 Re8e1
26.Nc3d1 Nb4c6
27.Rd2d6 Qg6e4
28.Bg5e3 Bg7e5
29.Nb3d2 Re1xd1
30.Kxd1 Qe4h1
{ resign }
0-1

[Event "Tourn. n7685"]
[Site "www.chess-mail.com"]
[Date "2014.12.19"]
[Round "1"]
[White "Badplayer"]
[Black "Liencam2"]
[WhiteElo "2220"]
[BlackElo "2280"]
[Result "1-0"]
[Round "1"]
1.e4 c5
2.Ng1f3 d6
3.d4 cxd4
4.Nf3xd4 Ng8f6
5.Nb1c3 a6
6.Bf1e2 g6
7.O-O Bf8g7
8.Bc1e3 Nb8c6
9.a3 O-O
10.f3 Bc8d7
11.Qd1d2 Ra8b8
12.b4 Nc6e5
13.Nc3d5 e6
14.Nd5xf6 Bg7xf6
15.Ra1c1 b5
16.Rf1d1 d5
17.exd5 exd5
18.Nd4b3 Bd7c6
19.Nb3d4 Bc6b7
20.Nd4b3 Ne5c4
21.Be2xc4 dxc4
22.Qd2xd8 Rf8xd8
23.Rd1xd8 Rb8xd8
24.Nb3c5 Bb7c8
25.c3 Bf6e5
26.f4 Be5g7
27.Kf2 Bg7f8
28.Be3d4 Bf8g7
29.Bd4xg7 Kxg7
30.Rc1c2 Rd8d6
31.h3 h5
32.Ke2 h4
33.Rc2d2 Rd6c6
34.Kf3 f5
35.Rd2d8 a5
36.g3 hxg3
37.Kxg3 axb4
38.axb4 Kf7
39.Kh4 Ke7
40.Rd8d5 Kf6
41.Rd5d8 Ke7
42.Rd8h8 Kf6
43.Rh8h7 Rc6d6
44.Rh7c7 Bc8a6
45.Nc5d7 Ke6
46.Kg5 Ke7
47.Nd7e5 Ke6
48.Rc7c6 Rd6xc6
49.Ne5xc6 Kf7
50.Nc6e5 Kg7
51.Ne5xg6 Ba6c8
52.Ng6e7 Bc8d7
53.Ne7xf5 Kh7
54.h4 Bd7c6
55.Nf5d4 Bc6d7
56.f5 Kg7
57.h5 Bd7e8
58.Nd4e6 Kh7
59.f6 Be8f7
60.Ne6c7 Bf7xh5
61.Kxh5 { resign }
1-0

[Event "Tourn. n7811"]
[Site "www.chess-mail.com"]
[Date "2014.12.19"]
[Round "1"]
[White "Derik"]
[Black "Falcoale"]
[WhiteElo "1639"]
[BlackElo "1880"]
[Result "0-1"]
[Round "1"]
1.e4 c5
2.d3 Nb8c6
3.Nb1d2 Ng8f6
4.Ng1f3 e6
5.g3 d5
6.e5 Nf6d7
7.Bf1g2 Nd7xe5
8.O-O Bf8e7
9.Qd1e1 O-O
10.Nf3xe5 Nc6xe5
11.Qe1xe5 Be7d6
12.Qe5e3 Ra8b8
13.d4 b6
14.b3 Bc8b7
15.Bc1b2 Qd8c7
16.c4 Rb8e8
17.dxc5 Bd6xc5
18.Qe3c3 d4
19.Qc3d3 Bb7xg2
20.Kxg2 e5
21.Qd3e4 f5
22.Qe4d5 Kh8
23.Nd2f3 Rf8f6
24.Ra1e1 Re8d8
25.Qd5xd8 Qc7xd8
26.Re1xe5 h6
27.Rf1e1 Kh7
28.Re5e7 Bc5xe7
29.Bb2xd4 Rf6d6
30.Re1d1 Be7f6
31.Rd1d2 Bf6xd4
32.b4 Bd4c3
33.Rd2c2 Bc3xb4
34.Nf3e5 Rd6d2
35.Rc2c1 Qd8d4
36.Ne5c6 Qd4xf2
37.Kh3 Qf2xh2
{ resign }
0-1

[Event "Tourn. n7664"]
[Site "www.chess-mail.com"]
[Date "2014.12.19"]
[Round "1"]
[White "Stepanpech"]
[Black "Numanoid"]
[WhiteElo "2740"]
[BlackElo "2440"]
[Result "0-1"]
[Round "1"]
1.d4 g6
2.e4 Bf8g7
3.Nb1c3 d6
4.Ng1f3 Ng8f6
5.Bf1e2 O-O
6.O-O c6
7.a4 Qd8c7
8.h3 e5
9.dxe5 dxe5
10.Bc1e3 Nf6h5
11.Be2c4 Nh5f4
12.Qd1b1 Bc8e6
13.Qb1a2 Qc7e7
14.Ra1d1 a5
15.Rf1e1 Nb8d7
16.Nc3e2 Be6xc4
17.Qa2xc4 Nf4e6
18.Ne2c1 Rf8c8
19.c3 f6
20.Nf3h4 Kh8
21.Nc1b3 Bg7f8
22.Rd1d2 Rc8c7
23.g3 Qe7f7
 { time }
0-1

[Event "Tourn. n7533"]
[Site "www.chess-mail.com"]
[Date "2014.12.19"]
[Round "1"]
[White "Pretorian"]
[Black "Jaroslavpech"]
[WhiteElo "2280"]
[BlackElo "2660"]
[Result "1-0"]
[Round "1"]
1.e4 c5
2.Ng1f3 d6
3.d4 cxd4
4.Nf3xd4 Ng8f6
5.Nb1c3 a6
6.Bc1e3 e5
7.Nd4b3 Bc8e6
8.f3 Bf8e7
9.Qd1d2 Nb8d7
10.g4 h6
11.O-O-O b5
12.h4 Nd7b6
13.Qd2f2 Nf6d7
14.Kb1 Nb6c4
15.Be3c1 Qd8b6
16.Qf2e1 Nd7f6
17.Bf1e2 Ra8c8
18.f4 Qb6c6
19.Be2xc4 bxc4
20.Nb3a5 Qc6c7
21.f5 Qc7xa5
22.fxe6 fxe6
23.g5 Nf6g4
24.gxh6 gxh6
25.h5 Rc8b8
26.Rh1g1 Rh8g8
27.Ka1 Kd7
28.Qe1e2 Ng4f6
29.Rg1xg8 Nf6xg8
30.Qe2xc4 Ng8f6
31.Rd1g1 Qa5c5
32.Qc4f1 Nf6xh5
33.Rg1g6 Nh5f4
34.Rg6xh6 Rb8g8
35.Rh6h1 Qc5b6
36.a3 Be7f6
37.Nc3d1 Bf6e7
38.Kb1 Rg8g7
39.Qf1f3 Be7g5
40.Bc1e3 Qb6b5
41.Nd1c3  { time }
1-0

[Event "Tourn. n7889"]
[Site "www.chess-mail.com"]
[Date "2014.12.19"]
[Round "1"]
[White "Woodpusher2"]
[Black "Jaroslavpech"]
[WhiteElo "2440"]
[BlackElo "2540"]
[Result "1-0"]
[Round "1"]
1.e4 c5
2.Ng1f3 Nb8c6
3.d4 cxd4
4.Nf3xd4 Ng8f6
5.Nb1c3 e5
6.Nd4b5 d6
7.Bc1g5 a6
8.Nb5a3 b5
9.Nc3d5 Bf8e7
10.Bg5xf6 Be7xf6
11.c3  { time }
1-0

[Event "Tourn. n7799"]
[Site "www.chess-mail.com"]
[Date "2014.12.19"]
[Round "1"]
[White "Wwgia"]
[Black "Wildsmokey"]
[WhiteElo "2090"]
[BlackElo "2010"]
[Result "1/2-1/2"]
[Round "1"]
1.d4 d5
2.c4 e6
3.Nb1c3 Ng8f6
4.Ng1f3 c6
5.Bc1g5 Nb8d7
6.e4 dxe4
7.Nc3xe4 Qd8a5
8.Bg5d2 Qa5b6
9.c5 Qb6xb2
10.Ne4c3 Bf8e7
11.Ra1b1 Qb2a3
12.Bf1d3 Qa3a5
13.O-O Qa5c7
14.Qd1e2 O-O
15.Nf3e5 Nd7xe5
16.dxe5 Nf6d7
17.f4 Nd7xc5
18.Bd3c2 Rf8d8
19.Rf1f3 b5
20.Bc2xh7 Kxh7
21.Rf3h3 Kg8
22.Qe2h5 f6
23.Bd2e3 Nc5d7
24.Qh5h8 Kf7
25.Qh8h5 Kf8
26.Qh5g6 Kg8
27.Qg6h7 { draw }
1/2-1/2

[Event "Tourn. n7897"]
[Site "www.chess-mail.com"]
[Date "2014.12.19"]
[Round "1"]
[White "Silent1"]
[Black "Louis"]
[WhiteElo "1820"]
[BlackElo "1840"]
[Result "1-0"]
[Round "1"]
1.d4 Ng8f6
2.c4 g6
3.Nb1c3 Bf8g7
4.e3 O-O
5.Ng1f3 d6
6.Bf1d3 Nb8d7
7.O-O e5
8.dxe5 dxe5
9.Bc1d2 Nd7c5
10.Bd3c2 Bc8g4
11.h3 Bg4xf3
12.gxf3 Nf6h5
13.e4 Qd8h4
14.Kh2 Ra8d8
15.Rf1g1 Nh5f4
16.Rg1g3 Nf4xh3
17.Rg3xh3 Qh4xf2
18.Kh1 Qf2xd2
19.Nc3d5 Qd2xd1
20.Ra1xd1 c6
21.Nd5e7 Kh8
22.Kg2 Rd8xd1
23.Bc2xd1 Bg7f6
24.Ne7xg6 fxg6
25.b3 Rf8d8
26.Rh3h1 Rd8d2
27.Kg3 Bf6g5
28.a4 Bg5f4
29.Kh3 { resign }
1-0

[Event "Match"]
[Site "www.echecsemail.com"]
[Date "2014.12.19"]
[Round "1"]
[White "Gilliere"]
[Black "Whitekknight"]
[WhiteElo "1810"]
[BlackElo "1870"]
[Result "1-0"]
[Round "1"]
1.e4 e5
2.Ng1f3 d6
3.d4 exd4
4.Qd1xd4 Nb8c6
5.Qd4d1 Ng8f6
6.Nb1c3 Bf8e7
7.h3 O-O
8.Bf1b5 Bc8d7
9.O-O a6
10.Bb5xc6 Bd7xc6
11.Rf1e1 Rf8e8
12.Nc3d5 Nf6xd5
13.exd5 Bc6d7
14.c4 Be7f6
15.Ra1b1 Re8xe1
16.Qd1xe1 h6
17.a3 Bd7f5
18.Rb1a1 Qd8d7
19.Ra1a2 Ra8e8
20.Qe1f1 Qd7e7
21.Bc1e3 Bf5e4
22.Nf3d2 Be4g6
23.Nd2f3 Bg6e4
24.Nf3h2 h5
25.b3 Bf6e5
26.Qf1e2 g6
27.Qe2d2 Be5g7
28.Be3g5 f6
29.Bg5h6 Kh7
30.Bh6xg7 Kxg7
31.f3 Be4f5
32.Ra2a1 Qe7e3
33.Qd2xe3 Re8xe3
34.b4 Bf5d3
35.Nh2f1 Re3e2
36.c5 Re2c2
37.cxd6 cxd6
38.Nf1e3 Rc2e2
39.Ne3f1 Bd3c4
40.Ra1d1 Re2a2
41.Nf1e3 Bc4b3
42.Rd1c1 b5
43.Rc1c7 Kf8
44.Rc7d7 Ra2xa3
45.Rd7xd6 Ke7
46.Rd6e6 Kf7
47.Re6b6 Ra3a2
48.Rb6b7 Kg8
49.d6 Ra2d2
50.d7 { resign }
1-0

[Event "Match"]
[Site "www.echecsemail.com"]
[Date "2014.12.19"]
[Round "1"]
[White "Gilliere"]
[Black "Generalfree"]
[WhiteElo "1810"]
[BlackElo "1770"]
[Result "0-1"]
[Round "1"]
1.d4 b6
2.e4 Bc8b7
3.d5 e6
4.Nb1c3 exd5
5.exd5 d6
6.Ng1f3 Ng8f6
7.Bf1b5 c6
8.dxc6 Bb7xc6
9.Bb5xc6 Nb8xc6
10.O-O Bf8e7
11.Rf1e1 a6
12.Bc1g5 O-O
13.Ra1b1 h6
14.Bg5xf6 Be7xf6
15.Nc3e4 Bf6e7
16.c3 f5
17.Ne4g3 Nc6a5
18.b4 Na5c4
19.Qd1b3 b5
20.Nf3d2 Ra8c8
21.Nd2xc4 bxc4
22.Qb3a4 g5
23.Qa4xa6 f4
24.Ng3e4 d5
25.Ne4d2 Be7f6
26.Qa6a3 d4
27.cxd4 Qd8xd4
28.Nd2f3 Qd4b6
29.Qa3c1 g4
30.Nf3d2 Bf6h4
31.Nd2xc4 Qb6xf2
32.Kh1 Qf2xe1
33.Qc1xe1 Bh4xe1
34.Rb1xe1 Rc8xc4
35.a3 Rf8c8
36.h4 g3
{ resign }
0-1

[Event "Match"]
[Site "www.echecsemail.com"]
[Date "2014.12.19"]
[Round "1"]
[White "Generalfree"]
[Black "Guidom"]
[WhiteElo "1750"]
[BlackElo "2130"]
[Result "0-1"]
[Round "1"]
1.e4 e6
2.Ng1f3 d5
3.e5 c5
4.Bf1b5 Nb8c6
5.Bb5xc6 bxc6
6.c4 d4
7.Qd1a4 Bc8d7
8.d3 Ng8e7
9.Bc1g5 h6
10.Bg5xe7 Bf8xe7
11.h4 Qd8b6
12.b3 a5
13.Nb1d2 Qb6b4
14.Qa4xb4 axb4
15.g3 f5
16.exf6 gxf6
17.O-O Kf7
18.Rf1e1 e5
19.Nf3h2 Ra8a3
20.Re1e2 Rh8a8
21.Nd2f3 Ra3xb3
22.axb3 Ra8xa1
23.Re2e1 Ra1a3
24.Nf3d2 Bd7f5
{ resign }
0-1

[Event "Match"]
[Site "www.echecsemail.com"]
[Date "2014.12.19"]
[Round "1"]
[White "Juodivarnai"]
[Black "Maestro"]
[WhiteElo "2140"]
[BlackElo "2010"]
[Result "1/2-1/2"]
[Round "1"]
1.e4 c5
2.Ng1f3 d6
3.d4 cxd4
4.Nf3xd4 Ng8f6
5.Nb1c3 Nb8c6
6.Bc1g5 e6
7.Qd1d2 Bf8e7
8.O-O-O O-O
9.f4 Nc6xd4
10.Qd2xd4 Nf6g4
11.Bg5xe7 Qd8xe7
12.h3 e5
13.Qd4d2 Ng4f6
14.Qd2xd6 Qe7xd6
15.Rd1xd6 exf4
16.Bf1e2 Bc8e6
17.Rh1d1 g6
18.Be2f3 Nf6e8
19.Rd6d8 Ra8xd8
20.Rd1xd8 Ne8c7
21.Rd8xf8 Kxf8
22.h4 h5
23.Nc3e2 a5
24.Ne2xf4 b5
25.Nf4xe6 Nc7xe6
26.b3 Ke7
27.Kd2 Kd6
28.Kd3 Kc5
29.g4 hxg4
30.Bf3xg4 Ne6f4
31.Kc3 b4
32.Kd2 Kd4
33.Bg4f3 f6
34.Bf3h1 { draw }
1/2-1/2

[Event "Match"]
[Site "www.echecsemail.com"]
[Date "2014.12.19"]
[Round "1"]
[White "Harrytheking"]
[Black "Pablincho"]
[WhiteElo "1710"]
[BlackElo "1900"]
[Result "1-0"]
[Round "1"]
1.c4 d5
2.e3 d4
3.d3 c5
4.h3 e5
5.Ng1f3 Qd8c7
6.Bf1e2 Bf8e7
7.Bc1d2 Nb8c6
8.a3 f5
9.O-O Ng8f6
10.exd4 cxd4
11.b4 a6
12.c5 h6
13.Rf1e1 O-O
14.Nf3h2 b6
15.cxb6 Qc7xb6
16.Be2f3 Be7d6
17.Bf3xc6 Qb6xc6
18.a4 Nf6d5
19.Nb1a3 Nd5xb4
20.Na3c4 Nb4xd3
21.Nc4a5 Qc6d5
22.Na5b3 Nd3xe1
23.Bd2xe1 Bc8e6
24.Qd1d3 Qd5xb3
{ time. }
1-0

[Event "Eq:Angels of Checkmate-CONFOEDERATIONIS HELVETICAE : "]
[Site "www.chess-mail.com"]
[Date "2014.12.19"]
[Round "1"]
[White "Veerar"]
[Black "Leo57"]
[WhiteElo "2540"]
[BlackElo "2760"]
[Result "0-1"]
[Round "1"]
1.d4 Ng8f6
2.c4 e6
3.Ng1f3 d5
4.Nb1c3 Nb8d7
5.cxd5 exd5
6.Bc1g5 c6
7.e3 Bf8e7
8.Qd1c2 Nf6h5
9.Bg5xe7 Qd8xe7
10.O-O-O Nd7b6
11.Nf3e5 Nh5f6
12.Bf1d3 Bc8e6
13.h3 g6
14.Rd1e1 O-O-O
15.Nc3a4 Nb6xa4
16.Qc2xa4 Kb8
17.Re1e2 Nf6e4
18.Qa4b3 Rd8c8
19.Re2c2 Ka8
20.h4 f6
21.Ne5f3 Be6f5
22.Kb1 Rh8e8
23.Rh1g1 c5
24.Qb3xd5 c4
25.Rc2xc4 Ne4d2
26.Nf3xd2 Bf5xd3
27.Ka1 Bd3xc4
28.Nd2xc4 Re8d8
29.Qd5b5 Qe7c7
 { time }
0-1

[Event "Eq:CONFOEDERATIONIS HELVETICAE-Slap Shot Mates : "]
[Site "www.chess-mail.com"]
[Date "2014.12.19"]
[Round "1"]
[White "Geodad5"]
[Black "Bigrezi"]
[WhiteElo "2060"]
[BlackElo "1900"]
[Result "1-0"]
[Round "1"]
1.e4 c5
2.Ng1f3 d6
3.d4 cxd4
4.Nf3xd4 g6
5.Bf1e2 Bf8g7
6.O-O Ng8f6
7.f3 a6
8.Bc1e3 O-O
9.c3 Qd8c7
10.Nb1d2 Bc8d7
11.Ra1c1 Nb8c6
12.Nd2b3 Ra8c8
13.Nd4xc6 Bd7xc6
14.Nb3d4 Nf6d7
15.Qd1d2 b5
16.b3 Bc6b7
17.Be2d3 Nd7e5
18.Bd3b1 Qc7d7
19.h3 Rc8c7
20.f4 Ne5c6
21.f5 d5
22.fxg6 fxg6
23.Rf1xf8 Kxf8
24.Rc1f1 Kg8
25.Qd2f2 Nc6e5
26.exd5 Qd7xd5
27.Nd4e2 e6
28.Ne2f4 Qd5c6
29.Be3d4 Ne5f7
30.Nf4d3 Bg7xd4
31.cxd4 Qc6d5
32.Nd3f4 Qd5c6
33.Rf1e1 Rc7e7
34.d5 Qc6d6
35.dxe6 Nf7d8
36.Qf2e3 Bb7c8
37.Bb1e4 Nd8xe6
38.Be4d5 Kf7
39.Qe3d4 g5
40.Bd5xe6 Re7xe6
41.Nf4xe6 Qd6xe6
42.Re1xe6 Kxe6
43.Qd4g4 { resign }
1-0

[Event "Eq:Angels of Checkmate-BEAC Hungary : "]
[Site "www.chess-mail.com"]
[Date "2014.12.19"]
[Round "1"]
[White "Stevefillion"]
[Black "Sneige"]
[WhiteElo "2250"]
[BlackElo "2270"]
[Result "1-0"]
[Round "1"]
1.e4 c5
2.Ng1f3 d6
3.d4 cxd4
4.Nf3xd4 Ng8f6
5.f3 a6
6.c4 Nb8c6
7.Nb1c3 Nc6xd4
8.Qd1xd4 g6
9.Bc1e3 Bf8g7
10.Bf1e2 O-O
11.Qd4d2 Bc8d7
12.O-O Bd7c6
13.Ra1c1 Ra8c8
14.b4 b6
15.Nc3d5 Bc6xd5
16.cxd5 b5
17.Rc1xc8 Qd8xc8
18.Rf1c1 Qc8d7
19.Rc1c6 Rf8a8
20.Qd2c2 Nf6e8
21.a4 bxa4
22.Qc2xa4 Ne8c7
23.Qa4a5 Nc7e8
24.b5  { time }
1-0

[Event "Eq:SIETE ESTRELLAS VERDES-CONFOEDERATIONIS HELVETICAE : "]
[Site "www.chess-mail.com"]
[Date "2014.12.19"]
[Round "1"]
[White "Paco"]
[Black "Asiamen"]
[WhiteElo "1930"]
[BlackElo "2110"]
[Result "0-1"]
[Round "1"]
1.e4 c6
2.d4 d5
3.e5 Bc8f5
4.Ng1f3 e6
5.Bf1d3 Bf5xd3
6.Qd1xd3 h6
7.O-O Ng8e7
8.Nb1c3 Ne7g6
9.a3 Bf8e7
10.g3 O-O
11.Nc3a4 Nb8a6
12.b4 Ra8c8
13.c4 { time. }
0-1

[Event "Eq:La Taverne-Team USA : "]
[Site "www.chess-mail.com"]
[Date "2014.12.19"]
[Round "1"]
[White "Luban"]
[Black "Tomcapp"]
[WhiteElo "2030"]
[BlackElo "1470"]
[Result "1-0"]
[Round "1"]
1.d4 d5
2.Ng1f3 Nb8c6
3.e3 Bc8g4
4.c4 dxc4
5.Bf1xc4 e6
6.a3 Ng8f6
7.h3 Bg4xf3
8.Qd1xf3 e5
9.dxe5 Nc6xe5
10.Qf3e2 Bf8c5
11.b4 Bc5d6
12.Bc1b2 a6
13.O-O b5
14.Bc4b3 c5
15.bxc5 Bd6c7
16.Nb1c3 O-O
17.Ra1d1 Qd8e7
18.Nc3d5 Qe7d8
19.Nd5xf6 Qd8xf6
20.f4 Ne5c6
21.Bb2xf6 gxf6
22.Rd1d7 b4
23.Rd7xc7 Nc6e7
24.Rc7xe7 bxa3
25.Qe2h5 Ra8e8
26.Re7xe8 a2
27.Re8xf8 Kxf8
28.Qh5xf7 
1-0

[Event "Eq:Good team-Slap Shot Mates : "]
[Site "www.chess-mail.com"]
[Date "2014.12.19"]
[Round "1"]
[White "Buliland"]
[Black "Rons"]
[WhiteElo "2640"]
[BlackElo "2530"]
[Result "1-0"]
[Round "1"]
1.e4 c5
2.Ng1f3 d6
3.d4 cxd4
4.Nf3xd4 Ng8f6
5.Nb1c3 a6
6.Bc1g5 e6
7.f4 Qd8b6
8.Qd1d2 Qb6xb2
9.Ra1b1 Qb2a3
10.e5 dxe5
11.fxe5 Nf6d7
12.Nc3e4 h6
13.Bg5h4 Qa3xa2
14.Rb1d1 Qa2d5
15.Qd2e3 Bf8c5
16.Nd4xe6 Bc5b4
17.c3 Qd5xe6
18.cxb4 O-O
19.Rd1d6 Qe6xe5
20.Bf1c4 Qe5h5
21.Bh4g3 Nb8c6
22.O-O Nd7e5
23.Bg3xe5 Nc6xe5
24.Qe3g3 Kh8
25.Rd6d5 Rf8e8
26.Ne4d6 f6
27.Bc4e2 Qh5xe2
28.Nd6xe8 Bc8g4
29.Ne8xf6 gxf6
30.Rf1xf6 Ra8e8
31.h3 Kh7
32.hxg4 Ne5xg4
33.Rd5d7 Re8e7
34.Rd7xe7 Qe2xe7
35.Rf6b6 Ng4f6
36.Kf1 Qe7f7
37.Qg3f4 Kg7
38.Qf4e5 Kg6
39.Ke1 h5
40.Qe5e4 Kh6
41.Rb6xb7 Qf7b3
42.Qe4d4 Qb3e6
43.Kf1 Kg6
44.Rb7b6 Qe6f5
45.Ke2 Kg7
46.Rb6b7 Kh8
47.Rb7a7 Qf5e6
48.Kf2 { resign }
1-0

[Event "Fast Game"]
[Site "www.echecsemail.com"]
[Date "2014.12.19"]
[Round "1"]
[White "Korto"]
[Black "Tonino1"]
[WhiteElo "1919"]
[BlackElo "1850"]
[Result "1-0"]
[Round "1"]
1.d4 Ng8f6
2.Ng1f3 g6
3.c4 Bf8g7
4.Nb1c3 d6
5.e4 O-O
6.Bf1e2 c5
7.O-O Nb8a6
8.d5 Na6c7
9.Bc1f4 Nf6h5
10.Bf4e3 e5
11.dxe6 fxe6
12.Qd1d2 e5
13.Be3h6 Nh5f4
14.Bh6xg7 Nf4xe2
15.Nc3xe2 Kxg7
16.h3 Bc8xh3
17.Ra1d1 Rf8xf3
18.Qd2xd6 Qd8g5
19.Ne2g3 Nc7e6
20.gxh3 Rf3xg3
21.fxg3 Qg5xg3
22.Kh1 Qg3xh3
23.Kg1 Qh3g3
24.Kh1 Ne6d4
25.Qd6f6 Kh6
26.Rf1f2  { time }
1-0